000 00317nam a2200145Ia 4500
008 191201s2007 xx 000 0 und d
082 _a658.8
_bGUM
100 _aGUPTA,CB
245 0 _aMarketing Management
250 _aRep
260 _aN.Delhi
_bPearson
_c2007
300 _aMISC
650 _aMBA
942 _2ddc
_cBK
999 _c452
_d452